000 00850nam a2200265 i 4500
001 000027027
003 DO-SdBNP
005 20250411115451.0
007 ta
008 110329s1958 dr 000 0 spa d
040 _aDO-SdBNP
_bspa
_cBNPHU
_erda
041 1 7 _heng
082 4 _a928.7293
_bO74g
_222
100 1 _aOrnes, Germán
_954126
_eautor
245 1 0 _aA self portrait /
_cGermán Ornes.
264 _aCiudad Trujillo, República Dominicana :
_bDominican Press Society,
_c1958.
300 _a160 páginas ;
_c23 cm.
336 _2rdacontent
_atexto
_btxt
337 _2rdamedia
_asin mediación
_bn
338 _2rdacarrier
_avolumen
_bnc
590 _aInventariado, 2021 /DG
600 1 4 _aTrujillo Molina, Rafael Leonidas,
_d1891-1961
_tCrítica e interpretación
_979548
910 _aValidado. Control de calidad. MAA
942 _2ddc
_cLBS1
999 _c26519
_d26519